[Event "Asia CCCL"]
[Site "Khanty-Mansiysk"]
[Date "2025.06.22"]
[Round "5.1"]
[White "Tillyaev, Ulugbek"]
[Black "Dubov, Daniil"]
[Result "0-1"]
[WhiteElo "2262"]
[BlackElo "2693"]
[PlyCount "107"]
[EventDate "2025.06.18"]
[EventType "team-tourn"]
[EventRounds "7"]
[EventCountry "RUS"]
[SourceTitle "CB27_2025"]
[SourceDate "2025.07.02"]
[SourceVersion "1"]
[SourceVersionDate "2025.07.02"]
[SourceQuality "1"]
[WhiteTeam "Uzbekistan CC"]
[BlackTeam "KPRF Sport"]
[WhiteTeamCountry "UZB"]
[BlackTeamCountry "RUS"]

1. e4 e5 2. Nf3 Nc6 3. Nc3 Nf6 4. g3 d5 5. exd5 Nd4 6. Bg2 Bg4 7. h3 Bxf3 8. Bxf3 Nxf3+ 9. Qxf3 Bb4 10. Ne4 Nxd5 11. Qb3 Be7 12. d3 0-0 13. g4 a5 14. a4 Qd7 15. Bd2 Ra6 16. Rd1 Rb6 17. Qa2 Kh8 18. Bxa5 Ra6 19. Bc3 Rxa4 20. Qb3 Qc6 21. 0-0 f5 22. gxf5 Rxf5 23. Bd2 Ra8 24. Qc4 Qd7 25. Ng3 Rf4 26. Bxf4 exf4 27. Qe4 fxg3 28. fxg3 Bf6 29. c4 Ne3 30. Rxf6 Nxd1 31. Rf1 Nxb2 32. Qxb7 Re8 33. Qxb2 Qxd3 34. Qf2 Qxc4 35. Qf7 Qc5+ 36. Rf2 Rd8 37. Kg2 h6 38. Qe6 Qb6 39. Qe7 Qc6+ 40. Kh2 Qd6 41. Qf7 c5 42. h4 Qd3 43. Rf3 Qe4 44. Kh3 c4 45. h5 c3 46. Rf1 c2 47. Qg6 Qxg6 48. hxg6 Kg8 49. Rc1 Rc8 50. Kg4 Kf8 51. Kf5 Ke7 52. Re1+ Kd6 53. Rc1 Kd5 54. g4 0-1

[Event "Asia CCCL"]
[Site "Khanty-Mansiysk"]
[Date "2025.06.20"]
[Round "3.1"]
[White "Mu, Ke"]
[Black "Dubov, Daniil"]
[Result "0-1"]
[WhiteElo "2403"]
[BlackElo "2693"]
[PlyCount "88"]
[EventDate "2025.06.18"]
[EventType "team-tourn"]
[EventRounds "7"]
[EventCountry "RUS"]
[SourceTitle "CB27_2025"]
[SourceDate "2025.07.02"]
[SourceVersion "1"]
[SourceVersionDate "2025.07.02"]
[SourceQuality "1"]
[WhiteTeam "Hangzhou"]
[BlackTeam "KPRF Sport"]
[WhiteTeamCountry "CHN"]
[BlackTeamCountry "RUS"]

1. d4 Nf6 2. c4 e6 3. Nf3 b6 4. g3 Ba6 5. b3 Bb4+ 6. Bd2 Be7 7. Nc3 d5 8. cxd5 exd5 9. Bg2 0-0 10. 0-0 Re8 11. Re1 Bb7 12. Ne5 Nbd7 13. Rc1 Nf8 14. Bg5 Ne6 15. Bxf6 Bxf6 16. e3 Bxe5 17. dxe5 c6 18. b4 Nc7 19. f4 a5 20. a3 Qe7 21. Rb1 axb4 22. axb4 Red8 23. Bf1 Ne6 24. Bd3 Ra3 25. Qc1 Rda8 26. Rd1 d4 27. exd4 Nxd4 28. Bxh7+ Kxh7 29. Rxd4 c5 30. Rd6 cxb4 31. Rxb4 Qc7 32. Ne2 Qxc1+ 33. Nxc1 Ra1 34. Rc4 R8a2 35. Rxb6 Be4 36. f5 Rg2+ 37. Kf1 Rxh2 38. Kg1 Rxc1+ 39. Rxc1 Rh1+ 40. Kf2 Rxc1 41. g4 Bc6 42. Kg3 Rc3+ 43. Kh4 Rc4 44. Rb3 Re4 0-1

[Event "Moscow Raketa m"]
[Site "Moscow"]
[Date "2025.05.28"]
[Round "11"]
[White "Dubov, Daniil"]
[Black "Niemann, Hans Moke"]
[Result "1-0"]
[WhiteElo "2693"]
[BlackElo "2736"]
[PlyCount "75"]
[EventDate "2025.05.27"]
[EventType "match (blitz)"]
[EventRounds "20"]
[EventCountry "RUS"]
[SourceTitle "CB23_2025"]
[SourceDate "2025.06.04"]
[SourceVersion "1"]
[SourceVersionDate "2025.06.04"]
[SourceQuality "1"]

1. d4 d5 2. c4 c6 3. Nf3 Nf6 4. cxd5 cxd5 5. Nc3 Nc6 6. Bf4 Bf5 7. Qb3 Na5 8. Qa4+ Bd7 9. Qd1 e6 10. e3 Rc8 11. Bd3 Nc4 12. Bxc4 dxc4 13. 0-0 b5 14. Bg5 Be7 15. a3 a5 16. Ne5 0-0 17. Qf3 h6 18. Bh4 Be8 19. Rfc1 Nd5 20. Bxe7 Nxe7 21. Qe2 f6 22. Nf3 Qb6 23. a4 b4 24. Ne4 c3 25. bxc3 b3 26. Qb2 Bc6 27. Nfd2 Nf5 28. Nc5 Qa7 29. Qxb3 Bd5 30. Qd1 Ba8 31. e4 Nd6 32. Nxe6 Rfe8 33. d5 f5 34. c4 fxe4 35. Qe2 Qf7 36. Nxe4 Rxe6 37. dxe6 Qxe6 38. Ng3 1-0

[Event "Moscow Raketa m"]
[Site "Moscow"]
[Date "2025.05.28"]
[Round "10"]
[White "Niemann, Hans Moke"]
[Black "Dubov, Daniil"]
[Result "0-1"]
[WhiteElo "2736"]
[BlackElo "2693"]
[PlyCount "132"]
[EventDate "2025.05.27"]
[EventType "match (blitz)"]
[EventRounds "20"]
[EventCountry "RUS"]
[SourceTitle "CB23_2025"]
[SourceDate "2025.06.04"]
[SourceVersion "1"]
[SourceVersionDate "2025.06.04"]
[SourceQuality "1"]

1. e4 Nc6 2. d4 d5 3. e5 Bf5 4. c3 e6 5. Bd3 Nge7 6. Nf3 f6 7. 0-0 Qd7 8. Re1 Bxd3 9. Qxd3 Ng6 10. b4 fxe5 11. dxe5 a6 12. Nbd2 Be7 13. Nb3 0-0 14. a4 Rf5 15. Nbd4 Ncxe5 16. Nxe5 Rxe5 17. Rxe5 Nxe5 18. Qh3 Bf6 19. Qxe6+ Qxe6 20. Nxe6 Nc4 21. Nxc7 Rd8 22. Bf4 Bxc3 23. Rd1 d4 24. Ne6 Rd5 25. Nc5 Nb2 26. Rc1 g5 27. Ne4 Kf7 28. Bxg5 Nxa4 29. h4 Ke6 30. g4 Rb5 31. f4 Kd5 32. Nf6+ Kc4 33. Ne4 Kd3 34. Nf2+ Ke2 35. Rc2+ Kf3 36. f5 Rxb4 37. Nd3 Rb1+ 38. Kh2 Ke4 39. Nf2+ Kd5 40. f6 Bb4 41. Nd3 Bd6+ 42. Bf4 Bf8 43. Rc8 Ba3 44. f7 Rf1 45. Kg2 Rd1 46. Nc5 Nxc5 47. f8Q Kc4 48. Qf5 d3 49. Be3 b6 50. Qf4+ Kb3 51. Qf7+ Kc3 52. Qa2 Bb4 53. Rd8 Nb3 54. Rc8+ Bc5 55. Bxc5 bxc5 56. Qa4 d2 57. Rd8 Re1 58. Qxa6 Nd4 59. Qa5+ Kd3 60. Qxc5 Re2+ 61. Kg3 Re4 62. Rxd4+ Rxd4 63. Qf5+ Kc3 64. Qc5+ Kd3 65. Qf5+ Kc3 66. Qf3+ Rd3 0-1

[Event "Moscow Raketa m"]
[Site "Moscow"]
[Date "2025.05.28"]
[Round "14"]
[White "Niemann, Hans Moke"]
[Black "Dubov, Daniil"]
[Result "1-0"]
[WhiteElo "2736"]
[BlackElo "2693"]
[PlyCount "86"]
[EventDate "2025.05.27"]
[EventType "match (blitz)"]
[EventRounds "20"]
[EventCountry "RUS"]
[SourceTitle "CB23_2025"]
[SourceDate "2025.06.04"]
[SourceVersion "1"]
[SourceVersionDate "2025.06.04"]
[SourceQuality "1"]

1. e4 e5 2. Nf3 Nc6 3. Bc4 Nf6 4. d3 h6 5. 0-0 Be7 6. Nc3 d6 7. a3 0-0 8. h3 Re8 9. Re1 Be6 10. Nd5 Bf8 11. c3 Bxd5 12. exd5 Ne7 13. Qb3 Rb8 14. Qa2 Ng6 15. Be3 a6 16. b4 Nh5 17. Qe2 f5 18. a4 Nf6 19. a5 Qd7 20. Rab1 Kh7 21. b5 axb5 22. Bxb5 c6 23. dxc6 bxc6 24. Ba4 Ra8 25. Bb6 Nd5 26. Qc2 Reb8 27. Nd2 Nxb6 28. Rxb6 Rc8 29. Nb3 Be7 30. a6 Bd8 31. Rb7 Rc7 32. Rb6 Rcc8 33. Rb7 Rc7 34. Rb6 Ne7 35. c4 Rca7 36. Rb7 Rxb7 37. axb7 Qxb7 38. Nd2 Bb6 39. Nf3 Ng6 40. c5 Bxc5 41. d4 exd4 42. Qxf5 Rf8 43. Qd3 Rf6 1-0

[Event "Moscow Raketa m"]
[Site "Moscow"]
[Date "2025.05.28"]
[Round "16"]
[White "Niemann, Hans Moke"]
[Black "Dubov, Daniil"]
[Result "1-0"]
[WhiteElo "2736"]
[BlackElo "2693"]
[PlyCount "95"]
[EventDate "2025.05.27"]
[EventType "match (blitz)"]
[EventRounds "20"]
[EventCountry "RUS"]
[SourceTitle "CB23_2025"]
[SourceDate "2025.06.04"]
[SourceVersion "1"]
[SourceVersionDate "2025.06.04"]
[SourceQuality "1"]

1. e4 Nc6 2. Nf3 e5 3. Bc4 Nf6 4. d3 h6 5. 0-0 Be7 6. Nc3 d6 7. a3 0-0 8. h3 Re8 9. Re1 Be6 10. Nd5 Bf8 11. Ba2 Bd7 12. c4 a5 13. Bb3 g6 14. Be3 Bg7 15. Ba4 Nb8 16. Bc2 Na6 17. Qd2 Kh7 18. Qxa5 Nc5 19. Qd2 Ne6 20. b4 Nh5 21. a4 Nhf4 22. a5 g5 23. d4 f6 24. b5 Rg8 25. a6 bxa6 26. Rxa6 Rb8 27. Ra7 Kh8 28. Rd1 Bf8 29. dxe5 fxe5 30. Nh2 h5 31. Rda1 Nxd5 32. exd5 Nf4 33. Be4 Rc8 34. Nf1 Qf6 35. b6 g4 36. Bxf4 exf4 37. hxg4 hxg4 38. Rb1 g3 39. Rxc7 Rxc7 40. bxc7 Bg7 41. Qe2 Qg5 42. Qd2 Bc8 43. fxg3 Be5 44. g4 Qf6 45. Nh2 Bd4+ 46. Kf1 Re8 47. Rb8 Qe5 48. Nf3 1-0

[Event "Moscow Raketa m"]
[Site "Moscow"]
[Date "2025.05.27"]
[Round "1"]
[White "Dubov, Daniil"]
[Black "Niemann, Hans Moke"]
[Result "1-0"]
[WhiteElo "2693"]
[BlackElo "2736"]
[PlyCount "91"]
[EventDate "2025.05.27"]
[EventType "match (blitz)"]
[EventRounds "20"]
[EventCountry "RUS"]
[SourceTitle "CB23_2025"]
[SourceDate "2025.06.04"]
[SourceVersion "1"]
[SourceVersionDate "2025.06.04"]
[SourceQuality "1"]

1. d4 Nf6 2. c4 e6 3. Nf3 d5 4. g3 Bb4+ 5. Nbd2 0-0 6. Bg2 b6 7. 0-0 Bb7 8. Ne5 Qc8 9. Ndf3 Nbd7 10. Bf4 Nxe5 11. Bxe5 Nd7 12. cxd5 Nxe5 13. Nxe5 f6 14. Nd3 Bd6 15. dxe6 Bxg2 16. Kxg2 Qxe6 17. Qb3 Qxb3 18. axb3 Rfe8 19. e3 a5 20. Rfc1 Kf7 21. Kf3 f5 22. Rc6 Ke6 23. Rac1 g5 24. h3 a4 25. bxa4 Rxa4 26. Nc5+ bxc5 27. dxc5 Rb4 28. cxd6 cxd6 29. Rd1 Rd8 30. Rd2 h5 31. Rc7 Rd7 32. Rc8 g4+ 33. Kg2 h4 34. gxh4 gxh3+ 35. Kxh3 Rh7 36. f4 Rhb7 37. Re8+ Kf7 38. Rd8 Rb3 39. Re2 Re7 40. h5 Re4 41. Kh4 Ke7 42. Ra8 Rexe3 43. Rxe3+ Rxe3 44. Kg5 Rh3 45. h6 d5 46. h7 1-0

[Event "Moscow Raketa m"]
[Site "Moscow"]
[Date "2025.05.27"]
[Round "3"]
[White "Dubov, Daniil"]
[Black "Niemann, Hans Moke"]
[Result "1-0"]
[WhiteElo "2693"]
[BlackElo "2736"]
[PlyCount "79"]
[EventDate "2025.05.27"]
[EventType "match (blitz)"]
[EventRounds "20"]
[EventCountry "RUS"]
[SourceTitle "CB23_2025"]
[SourceDate "2025.06.04"]
[SourceVersion "1"]
[SourceVersionDate "2025.06.04"]
[SourceQuality "1"]

1. d4 d5 2. c4 c6 3. Nf3 Nf6 4. cxd5 cxd5 5. Nc3 Nc6 6. Bf4 a6 7. Qb3 Ra7 8. e3 e6 9. Bd3 Nh5 10. Be5 f6 11. Bg3 g6 12. 0-0 Be7 13. e4 Nxg3 14. hxg3 b5 15. exd5 Nb4 16. dxe6 Nxd3 17. Rad1 Qd6 18. Rxd3 Bxe6 19. d5 Bf7 20. Ne4 Qb6 21. Qc3 0-0 22. d6 Bd8 23. Re1 Bc4 24. Rdd1 f5 25. Neg5 Bf6 26. Qd2 Bxa2 27. d7 Bb3 28. Re8 Ra8 29. Rxa8 Rxa8 30. Re1 Qc6 31. Ne5 Qd5 32. Qxd5+ Bxd5 33. Rd1 Bb3 34. Rd3 Bc4 35. Nxc4 bxc4 36. Re3 Ra7 37. Re8+ Kg7 38. d8Q Bxd8 39. Rxd8 Rb7 40. Rc8 1-0

[Event "Match of Two Capitals"]
[Site "Moscow"]
[Date "2025.05.25"]
[Round "3"]
[White "Dubov, Daniil"]
[Black "Matlakov, Maxim"]
[Result "1-0"]
[WhiteElo "2693"]
[BlackElo "2626"]
[PlyCount "89"]
[EventDate "2025.05.24"]
[EventType "match"]
[EventRounds "6"]
[EventCountry "RUS"]
[SourceTitle "CB22_2025"]
[SourceDate "2025.05.28"]
[SourceVersion "1"]
[SourceVersionDate "2025.05.28"]
[SourceQuality "1"]

1. c4 e6 2. Nf3 d5 3. e3 Nf6 4. b3 b6 5. Bb2 Bb7 6. Be2 Bd6 7. 0-0 0-0 8. cxd5 exd5 9. Nc3 a6 10. Re1 Nbd7 11. Bf1 Re8 12. g3 b5 13. Bg2 c5 14. d3 Qb6 15. Nh4 Rad8 16. Rc1 Bf8 17. Nf3 a5 18. a4 b4 19. Nb5 Ba6 20. d4 c4 21. bxc4 dxc4 22. Rxc4 Bxb5 23. axb5 Qxb5 24. Nd2 Nd5 25. Bf1 Qb7 26. Rc1 Qb5 27. Rc4 Qb7 28. Rc1 N5b6 29. Bb5 Rc8 30. Ra1 Ra8 31. e4 Rec8 32. d5 Nxd5 33. Bxd7 Qxd7 34. exd5 Qxd5 35. Re5 Qd3 36. Rexa5 Rxa5 37. Rxa5 Qc2 38. Qg4 Rd8 39. Nc4 h5 40. Rxh5 Rd1+ 41. Kg2 Qd3 42. Ne3 Rd2 43. Qh4 f6 44. Rh8+ Kf7 45. Qh5+ 1-0

[Event "Match of Two Capitals"]
[Site "Moscow"]
[Date "2025.05.25"]
[Round "4"]
[White "Matlakov, Maxim"]
[Black "Dubov, Daniil"]
[Result "1/2-1/2"]
[WhiteElo "2626"]
[BlackElo "2693"]
[PlyCount "49"]
[EventDate "2025.05.24"]
[EventType "match"]
[EventRounds "6"]
[EventCountry "RUS"]
[SourceTitle "CB22_2025"]
[SourceDate "2025.05.28"]
[SourceVersion "1"]
[SourceVersionDate "2025.05.28"]
[SourceQuality "1"]

1. e4 e5 2. Nf3 Nc6 3. Nc3 Nf6 4. Bc4 Be7 5. d3 0-0 6. 0-0 d6 7. a4 Be6 8. Nd5 Bxd5 9. exd5 Nb4 10. d4 Nbxd5 11. dxe5 dxe5 12. Nxe5 c6 13. Qf3 Qc7 14. Nd3 Bd6 15. g3 Rfe8 16. a5 Re4 17. Bb3 Rae8 18. Bd2 R4e7 19. Bxd5 Nxd5 20. Rfe1 Rxe1+ 21. Rxe1 Rxe1+ 22. Bxe1 Qd7 23. c4 Nc7 24. Bc3 f6 25. h4 1/2-1/2

[Event "Chess.com Classic Play In"]
[Site "Chess.com INT"]
[Date "2025.05.19"]
[Round "3"]
[White "Piliposyan, Robert"]
[Black "Dubov, Daniil"]
[Result "0-1"]
[WhiteElo "2416"]
[BlackElo "2693"]
[PlyCount "116"]
[EventDate "2025.05.19"]
[EventType "swiss (blitz)"]
[EventRounds "9"]
[EventCountry "USA"]
[SourceTitle "CB21_2025"]
[SourceDate "2025.05.21"]
[SourceVersion "1"]
[SourceVersionDate "2025.05.21"]
[SourceQuality "1"]

1. e4 e5 2. Nf3 Nc6 3. Bb5 a6 4. Ba4 Nf6 5. 0-0 Be7 6. d3 b5 7. Bb3 0-0 8. Nc3 d6 9. a3 Rb8 10. h3 h6 11. Nd5 Na5 12. Nxf6+ Bxf6 13. Ba2 Re8 14. Be3 Nc6 15. b4 a5 16. c3 Be6 17. Bxe6 Rxe6 18. Qb3 Re8 19. Rfe1 Qd7 20. Rad1 Qe6 21. Qxe6 Rxe6 22. Rb1 Ree8 23. Rec1 Rec8 24. c4 Nd8 25. Nd2 axb4 26. axb4 Bg5 27. Nb3 bxc4 28. Rxc4 Ne6 29. Na5 Rb5 30. Nc6 Ra8 31. Bxg5 hxg5 32. Ne7+ Kf8 33. Nd5 c5 34. Nc3 Rxb4 35. Rbxb4 cxb4 36. Rxb4 Ra1+ 37. Kh2 g6 38. Rb8+ Kg7 39. Rb6 Ra3 40. Nd5 Rxd3 41. Rxd6 Rd2 42. Kg1 Rd4 43. f3 Rd1+ 44. Kh2 Nf4 45. Nf6 Re1 46. Ng4 Re2 47. Nxe5 Rxg2+ 48. Kh1 Rg3 49. Rd7 Rxh3+ 50. Kg1 Kf6 51. Nxf7 Rxf3 52. Ra7 g4 53. e5+ Kf5 54. Nh6+ Kg5 55. Nf7+ Kh4 56. Nd6 g3 57. Ne4 Re3 58. Ra4 Re1# 0-1

[Event "Moscow Levitov m"]
[Site "Moscow"]
[Date "2025.03.08"]
[Round "12"]
[White "Dubov, Daniil"]
[Black "Niemann, Hans Moke"]
[Result "1/2-1/2"]
[WhiteElo "2701"]
[BlackElo "2734"]
[PlyCount "173"]
[EventDate "2025.03.07"]
[EventType "match (blitz)"]
[EventRounds "18"]
[EventCountry "RUS"]
[SourceTitle "CB11_2025"]
[SourceDate "2025.03.12"]
[SourceVersion "1"]
[SourceVersionDate "2025.03.12"]
[SourceQuality "1"]

1. d4 Nf6 2. Nf3 d5 3. c4 e6 4. Bg5 Be7 5. e3 0-0 6. Nc3 b6 7. Rc1 Bb7 8. Bxf6 Bxf6 9. cxd5 exd5 10. Be2 Nd7 11. 0-0 c6 12. e4 dxe4 13. Nxe4 c5 14. Nxf6+ Qxf6 15. dxc5 Nxc5 16. Qd4 Qg6 17. Nh4 Qg5 18. Nf3 Bxf3 19. Bxf3 Rad8 20. Qg4 Qxg4 21. Bxg4 Rd2 22. b4 Nd3 23. Rfd1 Rxd1+ 24. Rxd1 Nxb4 25. Rd7 Nxa2 26. Rxa7 Nc3 27. Rc7 Na4 28. Rb7 Rd8 29. g3 g6 30. Be2 Rd4 31. Kg2 Kf8 32. h4 h5 33. Rb8+ Kg7 34. Rb7 Nc3 35. Bf1 Rb4 36. Rc7 Nd5 37. Rd7 Nf6 38. Rc7 Nd5 39. Rd7 Nf6 40. Rc7 Ng4 41. Be2 Ne5 42. Rb7 Rb2 43. Kf1 Kf6 44. Ke1 Rb4 45. Kd2 Rb2+ 46. Ke3 Rb4 47. Kd2 Rd4+ 48. Ke3 Rd6 49. Rb8 Re6 50. Kd2 Ng4 51. Bc4 Rc6 52. Bb5 Rd6+ 53. Ke2 Re6+ 54. Kf1 Ne5 55. Rb7 Rd6 56. Ke2 Re6 57. Kf1 Nf3 58. Kg2 Nd2 59. Rd7 Ne4 60. Rb7 Nc5 61. Rc7 Rd6 62. Bc4 Ne6 63. Rb7 Nd8 64. Ra7 Rd4 65. Bb3 b5 66. Ra6+ Ne6 67. Rb6 b4 68. Bxe6 fxe6 69. Rb5 e5 70. Kf3 Ke6 71. Ke3 Rc4 72. Kd3 Rd4+ 73. Ke3 Rg4 74. f3 Rc4 75. Kd3 Rd4+ 76. Ke3 Kf6 77. f4 Rc4 78. Rxe5 Rc3+ 79. Ke4 Rxg3 80. Rb5 b3 81. Rb6+ Ke7 82. f5 Rg4+ 83. Ke5 gxf5 84. Rb7+ Ke8 85. Rxb3 Rxh4 86. Kxf5 Ra4 87. Rh3 1/2-1/2

[Event "Moscow Levitov m"]
[Site "Moscow"]
[Date "2025.03.08"]
[Round "16"]
[White "Dubov, Daniil"]
[Black "Niemann, Hans Moke"]
[Result "1-0"]
[WhiteElo "2701"]
[BlackElo "2734"]
[PlyCount "57"]
[EventDate "2025.03.07"]
[EventType "match (blitz)"]
[EventRounds "18"]
[EventCountry "RUS"]
[SourceTitle "CB11_2025"]
[SourceDate "2025.03.12"]
[SourceVersion "1"]
[SourceVersionDate "2025.03.12"]
[SourceQuality "1"]

1. d4 Nf6 2. c4 e6 3. Nf3 d5 4. g3 Bb4+ 5. Nbd2 0-0 6. Bg2 b6 7. 0-0 Bb7 8. Ne5 a5 9. a3 Be7 10. b3 c5 11. dxc5 Bxc5 12. Bb2 Qe7 13. cxd5 exd5 14. Nd3 Nbd7 15. Nf3 Rfe8 16. e3 Ba6 17. Re1 Rac8 18. Nd4 g6 19. Nf4 Ne5 20. b4 Bd6 21. Bxd5 Red8 22. b5 Bb7 23. Bxb7 Qxb7 24. Nc6 Rd7 25. Nd5 Nxd5 26. Qxd5 Bb8 27. Qe4 Nxc6 28. bxc6 Qxc6 29. Rac1 1-0

[Event "Moscow Levitov m"]
[Site "Moscow"]
[Date "2025.03.08"]
[Round "11"]
[White "Niemann, Hans Moke"]
[Black "Dubov, Daniil"]
[Result "0-1"]
[WhiteElo "2734"]
[BlackElo "2701"]
[PlyCount "124"]
[EventDate "2025.03.07"]
[EventType "match (blitz)"]
[EventRounds "18"]
[EventCountry "RUS"]
[SourceTitle "CB11_2025"]
[SourceDate "2025.03.12"]
[SourceVersion "1"]
[SourceVersionDate "2025.03.12"]
[SourceQuality "1"]

1. e4 e5 2. Nf3 Nc6 3. Bc4 Nf6 4. d3 Be7 5. 0-0 0-0 6. Re1 d6 7. a4 Be6 8. Nbd2 Bxc4 9. Nxc4 h6 10. Bd2 Re8 11. b4 Bf8 12. Ne3 d5 13. b5 Nd4 14. exd5 Nxf3+ 15. Qxf3 e4 16. dxe4 Nxe4 17. Red1 Bc5 18. Be1 Qg5 19. Nc4 Rad8 20. Rd3 Rxd5 21. h4 Qf5 22. Rad1 Qxf3 23. gxf3 Rxd3 24. Rxd3 Nd6 25. Ne3 f5 26. Ba5 f4 27. Ng4 h5 28. Bxc7 hxg4 29. Bxd6 Bxd6 30. Rxd6 gxf3 31. Rd3 Re4 32. Ra3 Rc4 33. Rxf3 Rxa4 34. Rc3 Rb4 35. Rc8+ Kh7 36. Rc5 a5 37. bxa6 bxa6 38. Kg2 Rb2 39. Kf3 a5 40. Ke2 a4 41. Kd3 a3 42. Ra5 Ra2 43. f3 Kg6 44. Kc3 Ra1 45. Kd2 Kf6 46. h5 Ke6 47. Kd3 a2 48. Kc4 Rf1 49. Rxa2 Rxf3 50. Kd4 Kf5 51. c4 Rf1 52. c5 Rd1+ 53. Kc3 Ke5 54. Re2+ Kd5 55. Rg2 f3 56. Rxg7 Rc1+ 57. Kd2 f2 58. Kxc1 f1Q+ 59. Kd2 Qf2+ 60. Kc1 Qe3+ 61. Kc2 Qe4+ 62. Kc1 Qc4+ 0-1

[Event "Moscow Levitov m"]
[Site "Moscow"]
[Date "2025.03.08"]
[Round "15"]
[White "Niemann, Hans Moke"]
[Black "Dubov, Daniil"]
[Result "1-0"]
[WhiteElo "2734"]
[BlackElo "2701"]
[PlyCount "119"]
[EventDate "2025.03.07"]
[EventType "match (blitz)"]
[EventRounds "18"]
[EventCountry "RUS"]
[SourceTitle "CB11_2025"]
[SourceDate "2025.03.12"]
[SourceVersion "1"]
[SourceVersionDate "2025.03.12"]
[SourceQuality "1"]

1. e4 e5 2. Nf3 Nc6 3. Bc4 Nf6 4. d3 Be7 5. 0-0 0-0 6. Re1 d6 7. a4 Be6 8. Nbd2 h6 9. b3 Nh7 10. Nf1 Ng5 11. Bxg5 Bxg5 12. g3 h5 13. Nxg5 Qxg5 14. h4 Qh6 15. Ne3 g6 16. c3 Qg7 17. a5 a6 18. b4 Ne7 19. d4 exd4 20. cxd4 Bxc4 21. Nxc4 d5 22. Ne5 Rad8 23. Qc2 dxe4 24. Qxc7 f6 25. Nd3 Nc6 26. Qxg7+ Kxg7 27. Rxe4 Rxd4 28. Rxd4 Nxd4 29. Nc5 Rf7 30. Kg2 Re7 31. Rc1 Kf7 32. Rc4 Ne6 33. Na4 Rd7 34. Kf3 f5 35. Ke3 Kf6 36. Rc8 Rd1 37. Rb8 Ra1 38. Nc3 f4+ 39. gxf4 Ra3 40. Kd2 Nxf4 41. Rxb7 g5 42. Ne4+ Kf5 43. Nxg5 Ra2+ 44. Kc3 Rxf2 45. b5 axb5 46. a6 Ra2 47. a7 Kg4 48. Kb3 Ra1 49. Ne4 Nd3 50. Kc3 Ra3+ 51. Kd2 Kxh4 52. Nd6 Nc5 53. Rc7 b4 54. Nb5 Ra2+ 55. Kd1 Ne4 56. Rc4 b3 57. Rxe4+ Kg3 58. Re3+ Kg2 59. Rxb3 h4 60. Ra3 1-0

[Event "Moscow Levitov m"]
[Site "Moscow"]
[Date "2025.03.07"]
[Round "2"]
[White "Dubov, Daniil"]
[Black "Niemann, Hans Moke"]
[Result "1/2-1/2"]
[WhiteElo "2701"]
[BlackElo "2734"]
[PlyCount "117"]
[EventDate "2025.03.07"]
[EventType "match (blitz)"]
[EventRounds "18"]
[EventCountry "RUS"]
[SourceTitle "CB11_2025"]
[SourceDate "2025.03.12"]
[SourceVersion "1"]
[SourceVersionDate "2025.03.12"]
[SourceQuality "1"]

1. c4 e5 2. Nc3 Nf6 3. Nf3 Nc6 4. e3 Bb4 5. Qc2 Bxc3 6. Qxc3 Qe7 7. Be2 d5 8. b4 e4 9. Nd4 Nxd4 10. Qxd4 0-0 11. c5 c6 12. Bb2 Ne8 13. f3 Bf5 14. h4 f6 15. g4 exf3 16. gxf5 fxe2 17. Kxe2 Nc7 18. Rag1 Rf7 19. h5 h6 20. Rg6 Qe4 21. Qxe4 dxe4 22. Rg4 a5 23. a3 axb4 24. axb4 Ra2 25. Bd4 Nd5 26. Rxe4 Nxb4 27. Rb1 Nd5 28. Re8+ Kh7 29. Rb8 Ra7 30. e4 Nf4+ 31. Kf3 Nxh5 32. Be3 Ra3 33. R1xb7 Ra7 34. Rxa7 Rxa7 35. Rb6 Rc7 36. d4 g6 37. d5 gxf5 38. d6 Ra7 39. Rxc6 Kg6 40. Rc8 fxe4+ 41. Kxe4 f5+ 42. Ke5 Nf6 43. Ke6 Ra4 44. Ke7 Re4+ 45. Kd8 Rxe3 46. c6 Rd3 47. d7 f4 48. Kc7 Nxd7 49. cxd7 Kg5 50. Rf8 h5 51. d8Q+ Rxd8 52. Kxd8 h4 53. Ke7 h3 54. Ke6 Kg4 55. Ke5 h2 56. Rxf4+ Kg3 57. Rf1 Kg2 58. Rd1 h1Q 59. Rxh1 1/2-1/2

[Event "Moscow Levitov m"]
[Site "Moscow"]
[Date "2025.03.07"]
[Round "4"]
[White "Dubov, Daniil"]
[Black "Niemann, Hans Moke"]
[Result "0-1"]
[WhiteElo "2701"]
[BlackElo "2734"]
[PlyCount "62"]
[EventDate "2025.03.07"]
[EventType "match (blitz)"]
[EventRounds "18"]
[EventCountry "RUS"]
[SourceTitle "CB11_2025"]
[SourceDate "2025.03.12"]
[SourceVersion "1"]
[SourceVersionDate "2025.03.12"]
[SourceQuality "1"]

1. c4 Nf6 2. Nc3 e5 3. Nf3 Nc6 4. e3 Be7 5. a3 0-0 6. Qc2 Re8 7. b4 Bf8 8. Bd3 Bxb4 9. Ng5 Bxc3 10. Bxh7+ Kf8 11. dxc3 Nxh7 12. Nxh7+ Kg8 13. h4 e4 14. Ng5 d6 15. f3 f6 16. Nxe4 Bf5 17. h5 Qe7 18. h6 Bxe4 19. fxe4 Qxe4 20. Qd2 Qxc4 21. Rb1 b6 22. hxg7 Kxg7 23. Qf2 Rh8 24. Rf1 Rh6 25. Qg3+ Rg6 26. Qh3 Ne5 27. Rh1 Kf7 28. Qf5 Rag8 29. Bd2 Rxg2 30. Rh7+ R8g7 31. Qh5+ Ke7 0-1

[Event "Moscow Levitov m"]
[Site "Moscow"]
[Date "2025.03.07"]
[Round "3"]
[White "Niemann, Hans Moke"]
[Black "Dubov, Daniil"]
[Result "0-1"]
[WhiteElo "2734"]
[BlackElo "2701"]
[PlyCount "138"]
[EventDate "2025.03.07"]
[EventType "match (blitz)"]
[EventRounds "18"]
[EventCountry "RUS"]
[SourceTitle "CB11_2025"]
[SourceDate "2025.03.12"]
[SourceVersion "1"]
[SourceVersionDate "2025.03.12"]
[SourceQuality "1"]

1. e4 c5 2. Nf3 d6 3. d4 cxd4 4. Nxd4 Nf6 5. Nc3 g6 6. Be3 Nc6 7. f3 h5 8. Bc4 Bd7 9. Bb3 Bg7 10. Qd2 Na5 11. 0-0-0 Nxb3+ 12. cxb3 Qb8 13. Kb1 b5 14. Rhe1 b4 15. Nd5 Nxd5 16. exd5 Qb7 17. Bg5 0-0 18. Rxe7 Qxd5 19. Rxd7 Bxd4 20. Ka1 Qf5 21. Rxd6 Be5 22. Rd5 Rac8 23. g4 hxg4 24. fxg4 Qe6 25. Re1 f6 26. Bxf6 Rxf6 27. Rdxe5 Qxg4 28. Qd5+ Kg7 29. Re7+ Kh6 30. Qd2+ Qf4 31. R7e3 Rcf8 32. Qe2 R8f7 33. Re4 Qd6 34. Qe3+ Kg7 35. Rh4 Rf4 36. Rxf4 Qxf4 37. Qe2 Qd4 38. Rd1 Qf6 39. Qe4 a5 40. Qd5 Qf5 41. Qd4+ Qf6 42. Qc5 Qf5 43. Qc4 Qe5 44. h4 Rf2 45. Qc1 Qf4 46. Qc4 Qf6 47. Rb1 Kh6 48. Qc7 Rf5 49. Qb8 Rf1 50. Qg3 Rxb1+ 51. Kxb1 Qf1+ 52. Kc2 Qe2+ 53. Kc1 Qe4 54. Qg5+ Kh7 55. Qg3 Kh6 56. a3 Qc6+ 57. Kb1 Qe4+ 58. Ka2 bxa3 59. Kxa3 Qb4+ 60. Ka2 Kh7 61. Qc3 Qb6 62. Qe5 Qa7 63. Qe4 Qc5 64. Kb1 Kh6 65. Qg4 Qf5+ 66. Qxf5 gxf5 67. Ka2 f4 68. b4 axb4 69. Kb3 f3 0-1